[Event "14th European Club Cup for Wom"]
[Site "Ohrid"]
[Date "2009.10.05"]
[Round "2"]
[Board "2"]
[White "Steil-Antoni, Fiona"]
[Black "Kosteniuk, Alexandra"]
[Result "0-1"]
[WhiteElo "2152"]
[BlackElo "2516"]
[PlyCount "86"]
[EventDate "2009.10.04"]
[EventType "team"]
[EventRounds "7"]
[EventCountry "MKD"]
[WhiteTeam "Vandoeuvre Echecs"]
[BlackTeam "Cercle d'Echecs Monte Carlo"]

1.e4 c5 2.Nc3 a6 3.g3 b5 4.Bg2 Bb7 5.d3 e6 6.f4 d5 7.e5 Ne7 8.Nf3 Nf5 9.O-O h5
10.Qe1 Qb6 11.Nd1 Nc6 12.c3 Be7 13.Ne3 Nh6 14.h3 d4 15.Nd1 Nf5 16.Kh2 Rd8 17.Nf2
Rd7 18.Bd2 c4 19.dxc4 bxc4 20.Rb1 h4 21.Ne4 hxg3+ 22.Nxg3 Nh4 23.Nxh4 Bxh4
24.Qe2 d3 25.Qg4 Ne7 26.Bxb7 Rxb7 27.b3 Qa5 28.Ne4 Nf5 29.bxc4 Rxb1 30.Rxb1 O-O
31.Rg1 Qxa2 32.Rg2 Rb8 33.Be1 Bg3+ 34.Bxg3 Qxg2+ 35.Kxg2 Ne3+ 36.Kf3 Nxg4
37.hxg4 a5 38.Bh4 f6 39.exf6 a4 40.f7+ Kxf7 41.Nd6+ Kg6 42.c5 a3 43.c6 d2

[Event "14th European Club Cup for Wom"]
[Site "Ohrid"]
[Date "2009.10.05"]
[Round "2"]
[Board "3"]
[White "Socko, Monika"]
[Black "Henrichs, Wenke"]
[Result "1-0"]
[WhiteElo "2476"]
[BlackElo "2034"]
[PlyCount "55"]
[EventDate "2009.10.04"]
[EventType "team"]
[EventRounds "7"]
[EventCountry "MKD"]
[WhiteTeam "Cercle d'Echecs Monte Carlo"]
[BlackTeam "Vandoeuvre Echecs"]

1.e4 c5 2.Nf3 d6 3.d4 cxd4 4.Nxd4 Nf6 5.Nc3 a6 6.Be3 e5 7.Nf3 h6 8.Bc4 Nc6 9.O-O
b5 10.Bb3 Bb7 11.Nd5 Nxd5 12.Bxd5 Be7 13.c4 O-O 14.cxb5 axb5 15.Qb3 Qa5 16.a4 b4
17.Rfc1 Nd8 18.Bxb7 Nxb7 19.Rc4 d5 20.exd5 Bd6 21.Rc6 Qd8 22.Bb6 Na5 23.Bxa5
Rxa5 24.Rd1 Qb8 25.Nd2 Rd8 26.Nc4 Rc5 27.Nxd6 Rxc6 28.Nxf7

[Event "14th European Club Cup for Wom"]
[Site "Ohrid"]
[Date "2009.10.05"]
[Round "2"]
[Board "4"]
[White "Weigel, Marie"]
[Black "Skripchenko, Almira"]
[Result "0-1"]
[WhiteElo "1857"]
[BlackElo "2448"]
[PlyCount "54"]
[EventDate "2009.10.04"]
[EventType "team"]
[EventRounds "7"]
[EventCountry "MKD"]
[WhiteTeam "Vandoeuvre Echecs"]
[BlackTeam "Cercle d'Echecs Monte Carlo"]

1.d4 Nf6 2.g3 g6 3.Bg2 Bg7 4.Nf3 O-O 5.O-O d6 6.c4 Nbd7 7.Nc3 e5 8.e4 c6 9.Qc2
a6 10.Be3 Ng4 11.Bg5 f6 12.Bd2 f5 13.d5 Nc5 14.Nh4 cxd5 15.exf5 gxf5 16.Nxd5 Be6
17.Rad1 Rc8 18.Be3 Nd7 19.Qb3 Nxe3 20.Nxe3 Nc5 21.Qc2 e4 22.f3 f4 23.Nd5 exf3
24.Bxf3 fxg3 25.hxg3 Qg5 26.Kg2 Be5 27.Qf2 Ne4

[Event "14th European Club Cup for Wom"]
[Site "Ohrid"]
[Date "2009.10.05"]
[Round "2"]
[Board "1"]
[White "Danielian, Elina"]
[Black "Arakhamia-Grant, Ketevan"]
[Result "1-0"]
[WhiteElo "2489"]
[BlackElo "2499"]
[PlyCount "81"]
[EventDate "2009.10.04"]
[EventType "team"]
[EventRounds "7"]
[EventCountry "MKD"]
[WhiteTeam "Mika Yerevan"]
[BlackTeam "CS Cotnari-Politehnica Iasi"]

1.d4 Nf6 2.Nf3 g6 3.c4 Bg7 4.g3 c5 5.Nc3 cxd4 6.Nxd4 Nc6 7.Bg2 O-O 8.O-O Nxd4
9.Qxd4 d6 10.Qd3 Bf5 11.e4 Be6 12.Bd2 Nd7 13.b3 Nc5 14.Qe2 a5 15.Rac1 Re8
16.Rfd1 Rc8 17.h3 Bd7 18.Be3 b6 19.Nb5 Bxb5 20.cxb5 Rc7 21.h4 Qc8 22.Rc4 Qd7
23.e5 Qxb5 24.exd6 exd6 25.Rxd6 Bf8 26.Rd2 Rce7 27.Qf3 Re5 28.Rf4 R8e7 29.Rfd4
Ne4 30.R2d3 Re8 31.Bf4 R5e6 32.Re3 Nf6 33.Bf1 Qc5 34.Rxe6 Rxe6 35.Be3 Qc6
36.Qxc6 Rxc6 37.Rd8 Kg7 38.Bb5 Rc2 39.Bxb6 Rxa2 40.Bd4 Bb4 41.g4

[Event "14th European Club Cup for Wom"]
[Site "Ohrid"]
[Date "2009.10.05"]
[Round "2"]
[Board "2"]
[White "Dembo, Yelena"]
[Black "Harika, Dronavalli"]
[Result "1/2-1/2"]
[WhiteElo "2482"]
[BlackElo "2474"]
[PlyCount "57"]
[EventDate "2009.10.04"]
[EventType "team"]
[EventRounds "7"]
[EventCountry "MKD"]
[WhiteTeam "CS Cotnari-Politehnica Iasi"]
[BlackTeam "Mika Yerevan"]

1.e4 c5 2.Nf3 a6 3.c3 d5 4.exd5 Qxd5 5.d4 Nf6 6.Be2 g6 7.O-O Bg7 8.Na3 O-O 9.Nc4
Nbd7 10.dxc5 Qxc5 11.a4 Qc7 12.a5 Rd8 13.Qb3 Nd5 14.Qa3 b5 15.axb6 N7xb6 16.Qa5
Nxc4 17.Bxc4 Be6 18.Qxc7 Nxc7 19.Bxe6 Nxe6 20.Be3 Rab8 21.Ra2 Rb7 22.Rc1 Nc7
23.Kf1 Nd5 24.Ke2 f5 25.Rc2 Rd6 26.Ra5 Rbd7 27.Bd2 e5 28.c4 e4 29.cxd5

[Event "14th European Club Cup for Wom"]
[Site "Ohrid"]
[Date "2009.10.05"]
[Round "2"]
[Board "3"]
[White "Khurtsidze, Nino"]
[Black "Peptan, Corina-Isabela"]
[Result "1/2-1/2"]
[WhiteElo "2420"]
[BlackElo "2387"]
[PlyCount "108"]
[EventDate "2009.10.04"]
[EventType "team"]
[EventRounds "7"]
[EventCountry "MKD"]
[WhiteTeam "Mika Yerevan"]
[BlackTeam "CS Cotnari-Politehnica Iasi"]

1.d4 Nf6 2.c4 e6 3.Nf3 b6 4.Nc3 Bb7 5.a3 Ne4 6.Nxe4 Bxe4 7.Nd2 Bb7 8.e4 g6 9.Qc2
Bg7 10.Nf3 O-O 11.Bg5 Qe8 12.Be2 d6 13.O-O Nd7 14.Rad1 c5 15.b4 h6 16.Be3 Qe7
17.dxc5 dxc5 18.Qa4 Rfd8 19.Nd2 Kh7 20.f3 Bf8 21.Rb1 Qd6 22.Rfd1 Qc7 23.Nf1 cxb4
24.axb4 a5 25.bxa5 Rxa5 26.Qc2 Rda8 27.Kh1 Bc6 28.Qc1 Bg7 29.Bf4 Qb7 30.Nd2 Nc5
31.Be3 Ba4 32.Re1 Qc7 33.Rb4 Bf8 34.Qb1 Rb8 35.Bd1 Bxd1 36.Rxd1 Na4 37.Rb3 Rh5
38.h3 Bg7 39.Qc2 Ra5 40.Rdb1 Nc5 41.Rb5 Rxb5 42.cxb5 Rc8 43.Nb3 Na4 44.Qxc7 Rxc7
45.Nd4 Rc3 46.Bf2 Rc4 47.Nc6 Rc2 48.Bg1 Nc3 49.Rb3 Nxb5 50.Rxb5 Rxc6 51.Bxb6
Rc1+ 52.Kh2 Bf8 53.Bd4 Bd6+ 54.Be5 Bxe5+

[Event "14th European Club Cup for Wom"]
[Site "Ohrid"]
[Date "2009.10.05"]
[Round "2"]
[Board "4"]
[White "Motoc, Alina"]
[Black "Galojan, Lilit"]
[Result "1-0"]
[WhiteElo "2316"]
[BlackElo "2326"]
[PlyCount "76"]
[EventDate "2009.10.04"]
[EventType "team"]
[EventRounds "7"]
[EventCountry "MKD"]
[WhiteTeam "CS Cotnari-Politehnica Iasi"]
[BlackTeam "Mika Yerevan"]

1.d4 Nf6 2.c4 e6 3.Nc3 Bb4 4.Qc2 O-O 5.a3 Bxc3+ 6.Qxc3 b6 7.Bg5 c5 8.dxc5 bxc5
9.Bxf6 Qxf6 10.Qxf6 gxf6 11.e3 Ba6 12.O-O-O Rd8 13.Nf3 Nc6 14.Nd2 f5 15.h3 Bb7
16.Be2 Rac8 17.Nb3 d6 18.Rhg1 Ne5 19.f4 Ng6 20.g4 Be4 21.Bd3 Bf3 22.Rd2 fxg4
23.hxg4 Ba8 24.Bxg6 hxg6 25.g5 Kf8 26.Re1 Rb8 27.Rd3 Ke7 28.e4 Rb6 29.f5 gxf5
30.exf5 Rg8 31.f6+ Ke8 32.Rg3 e5 33.Nd2 Kd7 34.Nf1 Ke6 35.Ne3 Rb3 36.Reg1 Be4
37.Nf1 Rxg3 38.Rxg3 Kf5

[Event "14th European Club Cup for Wom"]
[Site "Ohrid"]
[Date "2009.10.05"]
[Round "2"]
[Board "1"]
[White "Rajlich, Iweta"]
[Black "Gaponenko, Inna"]
[Result "1/2-1/2"]
[WhiteElo "2465"]
[BlackElo "2438"]
[PlyCount "83"]
[EventDate "2009.10.04"]
[EventType "team"]
[EventRounds "7"]
[EventCountry "MKD"]
[WhiteTeam "Polonia Votum Wroclaw"]
[BlackTeam "BAS Beograd"]

1.d4 d5 2.c4 e6 3.Nc3 c5 4.cxd5 exd5 5.Nf3 Nc6 6.g3 Nf6 7.Bg2 Be7 8.O-O O-O
9.Bg5 cxd4 10.Nxd4 h6 11.Bf4 Bg4 12.h3 Be6 13.Nxe6 fxe6 14.Qb3 Qb6 15.Qxb6 axb6
16.Bd2 Bc5 17.a3 Nd4 18.Rad1 Nf5 19.e3 d4 20.exd4 Bxd4 21.Nb5 Bxb2 22.Bb4 Rfd8
23.Nc7 Rxd1 24.Rxd1 Ra4 25.Rd3 e5 26.Rd8+ Kf7 27.Nb5 Nd4 28.Nd6+ Kg6 29.Nc4 Bxa3
30.Nxe5+ Kf5 31.Bxa3 Rxa3 32.Nc4 Ra1+ 33.Kh2 Nc6 34.Rc8 Ra2 35.Kg1 Ra1+ 36.Kh2
Ra2 37.Nd6+ Ke6 38.Nxb7 Ne5 39.Kg1 Ra1+ 40.Kh2 Ra2 41.Kg1 Ra1+ 42.Kh2

[Event "14th European Club Cup for Wom"]
[Site "Ohrid"]
[Date "2009.10.05"]
[Round "2"]
[Board "2"]
[White "Bojkovic, Natasa"]
[Black "Zawadzka, Jolanta"]
[Result "0-1"]
[WhiteElo "2429"]
[BlackElo "2414"]
[PlyCount "80"]
[EventDate "2009.10.04"]
[EventType "team"]
[EventRounds "7"]
[EventCountry "MKD"]
[WhiteTeam "BAS Beograd"]
[BlackTeam "Polonia Votum Wroclaw"]

1.e4 e5 2.Nf3 Nc6 3.Bb5 a6 4.Bxc6 dxc6 5.O-O f6 6.d4 exd4 7.Nxd4 c5 8.Ne2 Qxd1
9.Rxd1 Bd7 10.Be3 O-O-O 11.Nbc3 Re8 12.Rd2 Bc6 13.Rad1 b6 14.a4 Ne7 15.a5 Ng6
16.axb6 cxb6 17.b3 Kb7 18.Ng3 Ne5 19.Nf5 g6 20.Nd6+ Bxd6 21.Rxd6 Rhf8 22.Bf4 Rf7
23.f3 Nd7 24.Bg3 Nf8 25.Nd5 Ne6 26.b4 f5 27.exf5 gxf5 28.Ne3 Rff8 29.bxc5 Nxc5
30.Nc4 Re6 31.Rb1 Bb5 32.Ne3 Rxe3 33.c4 Bc6 34.Bf2 Rfe8 35.Rf6 Nd7 36.Bxe3 Nxf6
37.Bxb6 Kc8 38.Kf2 Nd7 39.Ba5 Re5 40.Bd2 a5

[Event "14th European Club Cup for Wom"]
[Site "Ohrid"]
[Date "2009.10.05"]
[Round "2"]
[Board "3"]
[White "Szczepkowska-Horowska, Karina"]
[Black "Vasilevich, Tatjana"]
[Result "1-0"]
[WhiteElo "2321"]
[BlackElo "2423"]
[PlyCount "137"]
[EventDate "2009.10.04"]
[EventType "team"]
[EventRounds "7"]
[EventCountry "MKD"]
[WhiteTeam "Polonia Votum Wroclaw"]
[BlackTeam "BAS Beograd"]

1.e4 c5 2.Nf3 a6 3.Nc3 e6 4.d4 cxd4 5.Nxd4 Qc7 6.Be2 b5 7.O-O Bb7 8.Re1 Nc6
9.Nxc6 dxc6 10.e5 Rd8 11.Bd3 c5 12.Qh5 g6 13.Qh3 c4 14.Be4 Bb4 15.Bg5 Rd4
16.Bxb7 Qxb7 17.Rad1 Rxd1 18.Rxd1 Be7 19.Be3 b4 20.Na4 h5 21.Nb6 Nh6 22.Bxh6
Rxh6 23.Nxc4 Kf8 24.Qd3 h4 25.h3 Rh5 26.f3 Rg5 27.Kf1 Qc6 28.b3 Rf5 29.Rd2 Rf4
30.Re2 Kg7 31.Re4 Rxe4 32.Qxe4 Qxe4 33.fxe4 Bc5 34.Nd2 g5 35.Nf3 Kg6 36.Ke2 Kh5
37.Nh2 g4 38.Nxg4 Kg5 39.Kf3 Bd4 40.Nf6 Bxe5 41.Nd7 Bc7 42.Nc5 a5 43.Nd3 Bd8
44.Ne5 Bc7 45.Nc4 Bd8 46.e5 Bc7 47.Ke4 f5+ 48.exf6 Kxf6 49.a3 Bd8 50.Kf4 e5+
51.Ke4 Bc7 52.axb4 axb4 53.Nd2 Ke6 54.Nf3 Bd8 55.Nxe5 Be7 56.Nd3 Bd6 57.Kd4 Kf5
58.Kc4 Ke4 59.Nxb4 Ke3 60.Nd3 Ke2 61.Kd5 Bb8 62.Ke4 Kd2 63.c4 Kc3 64.Nc5 Ba7
65.Kd5 Kb4 66.Nd7 Bf2 67.c5 Bg3 68.c6 Bc7 69.Nc5

[Event "14th European Club Cup for Wom"]
[Site "Ohrid"]
[Date "2009.10.05"]
[Round "2"]
[Board "4"]
[White "Stojanovic, Andjelija"]
[Black "Krupa, Monika"]
[Result "1-0"]
[WhiteElo "2323"]
[BlackElo "2219"]
[PlyCount "93"]
[EventDate "2009.10.04"]
[EventType "team"]
[EventRounds "7"]
[EventCountry "MKD"]
[WhiteTeam "BAS Beograd"]
[BlackTeam "Polonia Votum Wroclaw"]

1.Nf3 Nf6 2.c4 e6 3.g3 d5 4.cxd5 exd5 5.Bg2 Be7 6.O-O O-O 7.d4 Bf5 8.Nc3 Ne4
9.Qb3 Nxc3 10.bxc3 Nc6 11.Nd2 Be6 12.Qxb7 Qd7 13.Qa6 Rab8 14.e4 Rb6 15.Qe2 Bg4
16.Bf3 Bxf3 17.Qxf3 dxe4 18.Nxe4 f5 19.Nd2 f4 20.g4 Nd8 21.Nc4 Ne6 22.Ne5 Qd8
23.Qe2 Qd5 24.Qc4 Qxc4 25.Nxc4 Rc6 26.Re1 Bf6 27.Na5 Ra6 28.Nb3 c5 29.Bb2 c4
30.Nd2 Rc8 31.a4 Ng5 32.Kg2 Rb8 33.Ra2 Rc8 34.h4 Nf7 35.g5 Bxg5 36.hxg5 Nxg5
37.Nf3 Nf7 38.Ne5 Nd6 39.Kf3 g5 40.Rg1 h6 41.a5 Rb8 42.Ba3 Rb3 43.Bxd6 Rxc3+
44.Ke4 Rxd6 45.Ra4 Rc2 46.Rxc4 Re2+ 47.Kf5

[Event "14th European Club Cup for Wom"]
[Site "Ohrid"]
[Date "2009.10.06"]
[Round "3"]
[Board "2"]
[White "Kosintseva, Nadezhda"]
[Black "Javakhishvili, Lela"]
[Result "1/2-1/2"]
[WhiteElo "2493"]
[BlackElo "2472"]
[PlyCount "161"]
[EventDate "2009.10.04"]
[EventType "team"]
[EventRounds "7"]
[EventCountry "MKD"]
[WhiteTeam "Spartak Vidnoe"]
[BlackTeam "Samaia Tbilisi"]

1.e4 c5 2.Nf3 e6 3.d4 cxd4 4.Nxd4 Nc6 5.Nc3 Qc7 6.Be3 a6 7.Qd2 Nf6 8.O-O-O Be7
9.f3 h5 10.Qf2 d6 11.h3 b5 12.Nxc6 Qxc6 13.Bd3 h4 14.Kb1 b4 15.Ne2 e5 16.Bg5 Nd7
17.Bxe7 Kxe7 18.Nc1 a5 19.Qe2 Nf6 20.Bb5 Qc7 21.Ba4 Be6 22.Rhe1 Rad8 23.Qd2 Bc4
24.Nd3 Qb6 25.Nf2 Nh5 26.Ng4 Nf4 27.Ne3 Be6 28.Bb3 g6 29.Bxe6 fxe6 30.Nc4 Qc5
31.b3 Rh5 32.Nb2 Rg5 33.Nd3 Qc3 34.Nxf4 Qxd2 35.Nxg6+ Rxg6 36.Rxd2 Kf6 37.Kb2
Kg5 38.a3 Kf4 39.axb4 axb4 40.c3 bxc3+ 41.Kxc3 Rc8+ 42.Kb2 Rg7 43.Ree2 Rc6
44.Rc2 Rxc2+ 45.Kxc2 d5 46.Kd3 Rb7 47.Rb2 dxe4+ 48.fxe4 Rd7+ 49.Kc4 Kxe4 50.Re2+
Kf4 51.b4 e4 52.b5 e3 53.b6 Ke4 54.Ra2 Rd2 55.b7 Rxa2 56.b8=Q e2 57.Qb1+ Ke3
58.Qe1 Rc2+ 59.Kb3 Rc8 60.Qxh4 Rb8+ 61.Kc4 Rc8+ 62.Kb5 Rb8+ 63.Kc5 Rc8+ 64.Kd6
Kd3 65.Qg3+ Kd2 66.Qf4+ Kd3 67.Qf3+ Kd2 68.Qf4+ Kd3 69.Qf3+ Kd2 70.Qf2 Rc1 71.g4
Kd3 72.Qf3+ Kd2 73.Qf4+ Kc2 74.Qe4+ Kd2 75.Qd4+ Kc2 76.Qc4+ Kd2 77.Qf4+ Kc2
78.Qf2 Kd3 79.Qf3+ Kd2 80.Qg2 Kd3 81.Qf3+

[Event "14th European Club Cup for Wom"]
[Site "Ohrid"]
[Date "2009.10.06"]
[Round "3"]
[Board "4"]
[White "Ovod, Evgenija"]
[Black "Khukhashvili, Sopiko"]
[Result "1/2-1/2"]
[WhiteElo "2447"]
[BlackElo "2451"]
[PlyCount "94"]
[EventDate "2009.10.04"]
[EventType "team"]
[EventRounds "7"]
[EventCountry "MKD"]
[WhiteTeam "Spartak Vidnoe"]
[BlackTeam "Samaia Tbilisi"]

1.d4 e6 2.c4 Nf6 3.Nc3 Bb4 4.f3 d5 5.a3 Bxc3+ 6.bxc3 c5 7.cxd5 Nxd5 8.dxc5 f5
9.Qc2 O-O 10.e4 fxe4 11.fxe4 Nf4 12.Nf3 Qc7 13.Be3 Nd7 14.Bc4 Nxc5 15.O-O Bd7
16.Rae1 Na4 17.Qb3 b5 18.Bxf4 bxc4 19.Qxa4 Rxf4 20.Qb4 Rb8 21.Qe7 Re8 22.Qg5
Qb6+ 23.Kh1 Ref8 24.Qe5 Ba4 25.Re2 R4f6 26.Rfe1 Bb3 27.Rd2 h6 28.h3 Ba4 29.Kh2
Be8 30.Qd4 Qa5 31.Ne5 Qxa3 32.Nxc4 Qe7 33.Ra1 Qc7+ 34.Ne5 a5 35.c4 Rf4 36.g3 Rf1
37.Rxf1 Rxf1 38.Qd6 Qb7 39.Qxe6+ Kh7 40.Qxe8 Qxe4 41.Qg6+ Qxg6 42.Nxg6 Kxg6
43.Kg2 Rc1 44.Ra2 Rxc4 45.Rxa5 Rc3 46.h4 h5 47.Kh3 Rb3

[Event "14th European Club Cup for Wom"]
[Site "Ohrid"]
[Date "2009.10.06"]
[Round "3"]
[Board "1"]
[White "Koneru, Humpy"]
[Black "Muzychuk, Anna"]
[Result "1-0"]
[WhiteElo "2595"]
[BlackElo "2533"]
[PlyCount "87"]
[EventDate "2009.10.04"]
[EventType "team"]
[EventRounds "7"]
[EventCountry "MKD"]
[WhiteTeam "Cercle d'Echecs Monte Carlo"]
[BlackTeam "Economist-SGSEU Saratov"]

1.d4 Nf6 2.c4 e6 3.Nc3 Bb4 4.Qc2 O-O 5.a3 Bxc3+ 6.Qxc3 b6 7.Nf3 Bb7 8.e3 d6
9.Be2 Nbd7 10.O-O Ne4 11.Qc2 f5 12.b4 Rf6 13.d5 c5 14.Bb2 Rg6 15.Rad1 Qe7 16.g3
Rf8 17.Ne1 exd5 18.cxd5 Ne5 19.Ng2 Rh6 20.f3 Nf6 21.bxc5 bxc5 22.Nf4 Bc8 23.Bc1
Ne8 24.Ne6 Bxe6 25.dxe6 Rxe6 26.f4 Ng4 27.Bc4 Ngf6 28.Qxf5 d5 29.Rxd5 Kh8 30.Re5
Rxe5 31.Qxe5 Qd7 32.Be2 Nc7 33.Rd1 Ncd5 34.Bf3 Qa4 35.Qd6 Rc8 36.g4 Qc2 37.Bd2
h6 38.g5 hxg5 39.fxg5 Qg6 40.e4 Nb6 41.Kh1 Nc4 42.Qa6 Re8 43.Qxc4 Nxe4 44.Re1

[Event "14th European Club Cup for Wom"]
[Site "Ohrid"]
[Date "2009.10.06"]
[Round "3"]
[Board "2"]
[White "Iljushina, Olga"]
[Black "Kosteniuk, Alexandra"]
[Result "1/2-1/2"]
[WhiteElo "2364"]
[BlackElo "2516"]
[PlyCount "79"]
[EventDate "2009.10.04"]
[EventType "team"]
[EventRounds "7"]
[EventCountry "MKD"]
[WhiteTeam "Economist-SGSEU Saratov"]
[BlackTeam "Cercle d'Echecs Monte Carlo"]

1.d4 d5 2.c4 c6 3.Nf3 Nf6 4.cxd5 cxd5 5.Nc3 Nc6 6.Bf4 e6 7.e3 Nh5 8.Be5 a6 9.Rc1
Qb6 10.Bd3 Be7 11.O-O f6 12.Na4 Qa5 13.Bg3 Nxg3 14.hxg3 O-O 15.Qc2 Bd7 16.a3 h6
17.Nc5 Bxc5 18.Qxc5 Rfc8 19.Qd6 Qc7 20.Qxc7 Rxc7 21.Rc5 Kf8 22.Rfc1 Ke7 23.b4
Kd6 24.e4 dxe4 25.Bxe4 Rac8 26.d5 exd5 27.Rxd5+ Ke7 28.Rdc5 b6 29.R5c2 Kd8
30.Rd1 Nb8 31.Rxc7 Rxc7 32.Nd4 Ke7 33.Nf5+ Bxf5 34.Bxf5 Nc6 35.f4 a5 36.Re1+ Kd6
37.Rd1+ Ke7 38.Re1+ Kd6 39.Rd1+ Ke7 40.Re1+

[Event "14th European Club Cup for Wom"]
[Site "Ohrid"]
[Date "2009.10.06"]
[Round "3"]
[Board "3"]
[White "Cramling, Pia"]
[Black "Ushenina, Anna"]
[Result "1/2-1/2"]
[WhiteElo "2535"]
[BlackElo "2474"]
[PlyCount "63"]
[EventDate "2009.10.04"]
[EventType "team"]
[EventRounds "7"]
[EventCountry "MKD"]
[WhiteTeam "Cercle d'Echecs Monte Carlo"]
[BlackTeam "Economist-SGSEU Saratov"]

1.d4 d5 2.Nf3 e6 3.c4 dxc4 4.e3 c5 5.Bxc4 a6 6.O-O Nf6 7.Bb3 cxd4 8.exd4 Nc6
9.Nc3 Be7 10.Bg5 O-O 11.Qd2 h6 12.Bf4 b5 13.Rad1 Nb4 14.d5 Nbxd5 15.Bxh6 Bb7
16.Bg5 Rc8 17.Qe1 Re8 18.Bxf6 Bxf6 19.Nxd5 Bxd5 20.Bxd5 exd5 21.Qd2 d4 22.Ne1
Qd5 23.a3 Qb3 24.Nd3 Rc2 25.Qa5 Re6 26.g3 g6 27.Nf4 Rd6 28.Nd3 Re6 29.Nf4 Rd6
30.Nd3 Re6 31.Nf4 Rd6 32.Nd3

[Event "14th European Club Cup for Wom"]
[Site "Ohrid"]
[Date "2009.10.06"]
[Round "3"]
[Board "4"]
[White "Paehtz, Elisabeth"]
[Black "Socko, Monika"]
[Result "1-0"]
[WhiteElo "2482"]
[BlackElo "2476"]
[PlyCount "109"]
[EventDate "2009.10.04"]
[EventType "team"]
[EventRounds "7"]
[EventCountry "MKD"]
[WhiteTeam "Economist-SGSEU Saratov"]
[BlackTeam "Cercle d'Echecs Monte Carlo"]

1.e4 c5 2.Nc3 g6 3.Nf3 Bg7 4.d4 cxd4 5.Nxd4 Nc6 6.Be3 Nf6 7.Bc4 O-O 8.Bb3 d6
9.f3 Bd7 10.Qd2 Nxd4 11.Bxd4 b5 12.h4 e6 13.h5 a5 14.a4 bxa4 15.h6 Bh8 16.Nxa4
d5 17.exd5 Nxd5 18.Bxh8 Kxh8 19.Bxd5 exd5 20.Qd4+ f6 21.O-O Bxa4 22.Rxa4 Qd6
23.c4 Rad8 24.Rd1 Qc7 25.cxd5 Rd6 26.Rda1 Rfd8 27.Rxa5 Qb7 28.Rd1 Qf7 29.Ra7 Qe8
30.Qe4 Qf8 31.Rg7 Re8 32.Qd4 Re7 33.Rxe7 Qxe7 34.Qe4 Qf8 35.Qb4 Kg8 36.Qc5 Qd8
37.b4 g5 38.Qd4 Qf8 39.Rc1 Qe8 40.Qe4 Qd7 41.Rc5 Kf8 42.Qc4 Qf5 43.Qe4 Qd7
44.Kf1 Ra6 45.Qc4 Ra1+ 46.Kf2 Ra7 47.Rc6 Kf7 48.Qe4 f5 49.Qe5 Kg8 50.Kg1 Rb7
51.b5 g4 52.fxg4 fxg4 53.Qg5+ Kh8 54.Qf6+ Kg8 55.Rd6

[Event "14th European Club Cup for Wom"]
[Site "Ohrid"]
[Date "2009.10.06"]
[Round "3"]
[Board "1"]
[White "Rudolf, Anna"]
[Black "Hoang, Thanh Trang"]
[Result "0-1"]
[WhiteElo "2286"]
[BlackElo "2501"]
[PlyCount "88"]
[EventDate "2009.10.04"]
[EventType "team"]
[EventRounds "7"]
[EventCountry "MKD"]
[WhiteTeam "Vandoeuvre Echecs"]
[BlackTeam "T-com Podgorica"]

1.e4 e6 2.d4 d5 3.Nd2 h6 4.Ngf3 Nf6 5.Bd3 c5 6.dxc5 dxe4 7.Nxe4 Nxe4 8.Bxe4
Qxd1+ 9.Kxd1 Bxc5 10.Ke2 Nd7 11.Be3 Bxe3 12.Kxe3 f5 13.Bd3 Kf7 14.Rad1 Kf6
15.Nd4 f4+ 16.Ke2 Nc5 17.Nb5 Bd7 18.c4 Bxb5 19.cxb5 Rhd8 20.Bc4 Ne4 21.Rd3 Rxd3
22.Bxd3 Nd6 23.Kf3 e5 24.g3 Re8 25.Re1 g5 26.a4 b6 27.h3 h5 28.Re2 Nb7 29.Be4
Nc5 30.b4 Nxe4 31.Rxe4 Rc8 32.gxf4 gxf4 33.a5 Kf5 34.Re1 e4+ 35.Kg2 f3+ 36.Kg1
Rc4 37.Rd1 Rxb4 38.axb6 axb6 39.Rd5+ Kf4 40.Rxh5 Rb1+ 41.Kh2 e3 42.fxe3+ Kxe3
43.Re5+ Kf4 44.Re8 f2

[Event "14th European Club Cup for Wom"]
[Site "Ohrid"]
[Date "2009.10.06"]
[Round "3"]
[Board "2"]
[White "Cmilyte, Viktorija"]
[Black "Steil-Antoni, Fiona"]
[Result "1-0"]
[WhiteElo "2477"]
[BlackElo "2152"]
[PlyCount "81"]
[EventDate "2009.10.04"]
[EventType "team"]
[EventRounds "7"]
[EventCountry "MKD"]
[WhiteTeam "T-com Podgorica"]
[BlackTeam "Vandoeuvre Echecs"]

1.Nf3 d6 2.d4 Bg4 3.c4 Nd7 4.g3 Bxf3 5.exf3 Ngf6 6.f4 g6 7.Bg2 c6 8.Nc3 Bg7
9.O-O O-O 10.Re1 e6 11.b3 d5 12.Ba3 Re8 13.Qd3 Nb6 14.Rad1 Nc8 15.Bf3 Nd6 16.g4
Qc7 17.Bc1 Rad8 18.c5 Nc8 19.Ne2 b6 20.b4 Ne7 21.Ng3 b5 22.Be3 a5 23.a3 axb4
24.axb4 Ra8 25.Ra1 Qb7 26.Ra5 Ra7 27.Bd2 Rea8 28.Rea1 Ne8 29.h4 Nc7 30.f5 exf5
31.gxf5 Nxf5 32.Nxf5 gxf5 33.Qxf5 Ne6 34.Be3 Nxd4 35.Bxd4 Bxd4 36.Rxa7 Rxa7
37.Rxa7 Bxf2+ 38.Kxf2 Qxa7 39.Qc8+ Kg7 40.Qxc6 Qe7 41.Qd6

[Event "14th European Club Cup for Wom"]
[Site "Ohrid"]
[Date "2009.10.06"]
[Round "3"]
[Board "3"]
[White "Henrichs, Wenke"]
[Black "Kovalevskaya, Ekaterina"]
[Result "0-1"]
[WhiteElo "2034"]
[BlackElo "2436"]
[PlyCount "70"]
[EventDate "2009.10.04"]
[EventType "team"]
[EventRounds "7"]
[EventCountry "MKD"]
[WhiteTeam "Vandoeuvre Echecs"]
[BlackTeam "T-com Podgorica"]

1.d4 Nf6 2.c4 e6 3.Nc3 Bb4 4.f3 O-O 5.e4 Ne8 6.Nh3 b6 7.Bd3 Nc6 8.Be3 e5 9.d5
Na5 10.Qc2 Be7 11.O-O d6 12.Nf2 Nb7 13.b4 a5 14.a3 Bg5 15.Qd2 Bxe3 16.Qxe3 g6
17.g4 Qh4 18.Kh1 h5 19.Rg1 hxg4 20.Nxg4 axb4 21.axb4 Rxa1 22.Rxa1 Bxg4 23.fxg4
Qxg4 24.Rg1 Qh4 25.Be2 Nf6 26.Rg3 Kg7 27.Kg2 Ra8 28.Rh3 Qf4 29.Qxf4 exf4 30.Rf3
Ra3 31.Nb5 Ra2 32.Kf1 g5 33.Rd3 g4 34.h3 f3 35.Bd1 Nxe4

[Event "14th European Club Cup for Wom"]
[Site "Ohrid"]
[Date "2009.10.06"]
[Round "3"]
[Board "4"]
[White "Vojinovic, Jovana"]
[Black "Weigel, Marie"]
[Result "1-0"]
[WhiteElo "2359"]
[BlackElo "1857"]
[PlyCount "77"]
[EventDate "2009.10.04"]
[EventType "team"]
[EventRounds "7"]
[EventCountry "MKD"]
[WhiteTeam "T-com Podgorica"]
[BlackTeam "Vandoeuvre Echecs"]

1.d4 d5 2.Nf3 Nf6 3.c4 e6 4.g3 Be7 5.Bg2 O-O 6.O-O dxc4 7.Qc2 a6 8.a4 Bd7 9.Ne5
Bc8 10.Qxc4 Nbd7 11.Nxd7 Qxd7 12.Bf4 c6 13.a5 Nd5 14.Bd2 Rd8 15.e4 Nc7 16.Be3
Nb5 17.Ra4 Bf6 18.e5 Be7 19.Nd2 Nc7 20.Qc1 c5 21.Rc4 Nd5 22.Nb3 cxd4 23.Nxd4 Qe8
24.Bg5 Bd7 25.Bxe7 Qxe7 26.Qd2 b5 27.Rcc1 Rac8 28.Rxc8 Rxc8 29.Nf5 exf5 30.Qxd5
Bc6 31.Rc1 Bb7 32.Rxc8+ Bxc8 33.Qd6 Kf8 34.Bc6 f6 35.Qb8 Qd8 36.Bb7 Qd1+ 37.Kg2
f4 38.Qxc8+ Kf7 39.e6+

[Event "14th European Club Cup for Wom"]
[Site "Ohrid"]
[Date "2009.10.06"]
[Round "3"]
[Board "1"]
[White "Arakhamia-Grant, Ketevan"]
[Black "Chelushkina, Irina"]
[Result "1/2-1/2"]
[WhiteElo "2499"]
[BlackElo "2333"]
[PlyCount "125"]
[EventDate "2009.10.04"]
[EventType "team"]
[EventRounds "7"]
[EventCountry "MKD"]
[WhiteTeam "CS Cotnari-Politehnica Iasi"]
[BlackTeam "Radnicki Rudovci"]

1.e4 e6 2.d4 d5 3.Nc3 Nf6 4.e5 Nfd7 5.f4 c5 6.Nf3 Nc6 7.Be3 a6 8.Qd2 b5 9.Be2 g5
10.fxg5 cxd4 11.Nxd4 Ndxe5 12.O-O Bg7 13.Nxc6 Nxc6 14.Bh5 O-O 15.Bc5 Ne7 16.Ne4
dxe4 17.Bxf7+ Kh8 18.Qxd8 Rxd8 19.Bxe7 Rd2 20.Rad1 e3 21.Rxd2 exd2 22.Bb4 Bxb2
23.Bxd2 Ra7 24.Ba5 Bd4+ 25.Kh1 Kg7 26.Bh5 e5 27.c3 Bc5 28.Bd8 e4 29.Bf6+ Kg8
30.Rf4 Be6 31.Rxe4 Bxa2 32.h4 Bf7 33.Bg4 a5 34.Re5 Bf8 35.Rxb5 a4 36.c4 Bxc4
37.Rb1 a3 38.h5 Ra6 39.Ba1 Ra4 40.Rc1 Bf7 41.Be2 Re4 42.Bf3 Rb4 43.g6 hxg6
44.hxg6 Bxg6 45.Bd5+ Kh7 46.Kg1 Rb5 47.Ba2 Bc5+ 48.Kf1 Kh6 49.Ke2 Kg5 50.Be6 Bd6
51.Ba2 Rb8 52.Rc6 Re8+ 53.Kf2 Rf8+ 54.Ke2 Bh5+ 55.Kd3 Rd8 56.Ke4 Bg6+ 57.Kf3
Bh5+ 58.Ke4 Be8 59.Ra6 Bg6+ 60.Kf3 Bf5 61.Ke2 Re8+ 62.Kf3 Be4+ 63.Kf2

[Event "14th European Club Cup for Wom"]
[Site "Ohrid"]
[Date "2009.10.06"]
[Round "3"]
[Board "2"]
[White "Foisor, Cristina-Adela"]
[Black "Dembo, Yelena"]
[Result "1/2-1/2"]
[WhiteElo "2433"]
[BlackElo "2482"]
[PlyCount "24"]
[EventDate "2009.10.04"]
[EventType "team"]
[EventRounds "7"]
[EventCountry "MKD"]
[WhiteTeam "Radnicki Rudovci"]
[BlackTeam "CS Cotnari-Politehnica Iasi"]

1.Nf3 Nf6 2.c4 g6 3.Nc3 Bg7 4.d4 O-O 5.e4 d6 6.h3 e5 7.dxe5 dxe5 8.Qxd8 Rxd8
9.Bg5 Re8 10.Nd5 Nxd5 11.cxd5 c6 12.Bc4 h6